00426 2200157 4500001002100000005001500021035002000036245008300056100001900139300001200158260004200170082000800212084001400220020002200234990001200256INLIS00000000000188320250519074903 a0010-05250001751 aBuku Panduan Pelajar Indonesia Di Kota Eiffel Study In Paris /cAfina Iskandar0 aAfina Iskandar a221 hlm aJakarta :bBhuana Ilmu Populer,c2018 a900 a900 AFI b a978-602-455-255-8 a0754834